000 00297nam a22001337a 4500
008 181022b xxu||||| |||| 00| 0 eng d
020 _a9780262720281
041 _aeng
080 _a574
100 _a9
101 _aMJE
245 _aInternational Enviromenttal
_cVictor.D.G
942 _2udc
_cBK
999 _c50450
_d50450